№ 6; Машиноведение

Dades bibliogràfiques
Parent link:Машиноведение: научно-технический журнал/ Академия наук СССР (АН СССР). № 6.— , 1965-1989.— 0025-4576
Idioma:rus
Publicat: 1984
Format: Llibre
KOHA link:https://koha.lib.tpu.ru/cgi-bin/koha/opac-detail.pl?biblionumber=505761

MARC

LEADER 00000nam2a2200000 4500
001 505761
005 20231101103057.0
035 |a (RuTPU)RU\TPU\prd\176590 
035 |a RU\TPU\prd\176583 
090 |a 505761 
100 |a 20130422a19849999k y0rusy50 ca 
101 0 |a rus 
102 |a RU 
200 0 |a № 6 
210 |d 1984 
461 1 |0 (RuTPU)RU\TPU\prd\823  |x 0025-4576  |t Машиноведение  |o научно-технический журнал  |f Академия наук СССР (АН СССР)  |v № 6  |d 1965-1989 
801 0 |a RU  |b 63413507  |c 20010227  |g PSBO 
801 1 |a RU  |b 63413507  |c 20120222 
801 2 |a RU  |b 63413507  |c 20161028  |g RCR 
942 |c BK 
999 |a НТБ_ТПУ  |b НФ  |e -4/20130109  |p П-7381  |u 0,00  |v 1  |y 13821000800379